| 000 | 00409nam a22001697a 4500 | ||
|---|---|---|---|
| 003 | OSt | ||
| 008 | 250421b |||||||| |||| 00| 0 eng d | ||
| 020 | _a9789365895292 | ||
| 082 | _a005.133 DAD | ||
| 100 | _aDAS,Abhishek | ||
| 245 | _aData Science Essentials with R | ||
| 250 | _a1st Ed | ||
| 260 |
_aNew Delhi _bBPB _c2025 |
||
| 300 | _a250 | ||
| 650 | _aData Science Essentials with R | ||
| 942 |
_2ddc _cBK |
||
| 999 |
_c13363 _d13363 |
||